Migraciones y cultura de paz Educando y comunicando solidaridad

Bibliographic Details
Main Author: Nos Alds̀, Elos̕a
Other Authors: Sandoval Forero, Eduardo Andrš
Format: eBook
Language:Spanish
Published: Madrid : Dykinson, 2012
Subjects:
Online Access:http://www.vlex.com/source/6981

MARC

LEADER 00000nam a22000007a 4500
005 20130221145723.0
007 cr|||| |||
008 130221e2012 sp |||||s|||| 00||0 spa d
020 |a 978-84-9031-219-3 
035 |a 6981 
040 |a vLex 
090 |c 3694  |d 3694 
100 1 0 |a Nos Alds̀, Elos̕a 
245 1 0 |a Migraciones y cultura de paz  |b Educando y comunicando solidaridad  |h [Recurso electrn̤ico] 
256 |a Servicio en ln̕ea 
260 |a Madrid :  |b Dykinson,   |c 2012 
300 |a 1 Recurso electrn̤ico 
650 0 4 |a Libre circulacin̤ de trabajadores y polt̕ica social 
650 0 4 |a Derecho laboral y Seguridad Social 
700 1 0 |a Sandoval Forero, Eduardo Andrš 
740 |a vLex Libros (Servicio en ln̕ea) 
856 |a Acceso restringido  |u http://www.vlex.com/source/6981 
942 |c BOOK